| Tag |
First Indicator |
Second Indicator |
Subfields |
| LEADER |
00000cam a2200000 i 4500 |
| 001 |
in00005528443 |
| 006 |
m o d |
| 007 |
cr cnu---unuuu |
| 008 |
231102t20242024flua ob 000 0 eng |
| 005 |
20241111204807.8 |
| 010 |
|
|
|a 2023046182
|
| 035 |
|
|
|a (OCoLC)on1407215512
|
| 040 |
|
|
|a DLC
|b eng
|e rda
|c DLC
|d OCLCO
|d TYFRS
|d YDX
|d OCLCF
|d OCLCQ
|d ZCU
|d OCLCQ
|
| 020 |
|
|
|a 9781003402633
|q electronic book
|
| 020 |
|
|
|a 1003402631
|q electronic book
|
| 020 |
|
|
|a 9781003816997
|q electronic book
|
| 020 |
|
|
|a 1003816991
|q electronic book
|
| 020 |
|
|
|a 9781003817031
|q electronic book
|
| 020 |
|
|
|a 1003817033
|q electronic book
|
| 020 |
|
|
|z 9781032515175
|q hardcover
|
| 020 |
|
|
|z 9781032512730
|q paperback
|
| 024 |
7 |
|
|a 10.1201/9781003402633
|2 doi
|
| 035 |
|
|
|a (OCoLC)1407215512
|
| 037 |
|
|
|a 9781003402633
|b Taylor & Francis
|
| 042 |
|
|
|a pcc
|
| 050 |
0 |
4 |
|a TT880
|b .E74 2024
|
| 072 |
|
7 |
|a MAT
|x 025000
|2 bisacsh
|
| 072 |
|
7 |
|a ART
|x 046000
|2 bisacsh
|
| 072 |
|
7 |
|a MAT
|x 012000
|2 bisacsh
|
| 072 |
|
7 |
|a PBM
|2 bicssc
|
| 082 |
0 |
0 |
|a 746.1
|2 23/eng/20231102
|
| 049 |
|
|
|a TXAM
|
| 100 |
1 |
|
|a Erfle, Steve,
|e author.
|
| 245 |
1 |
0 |
|a Electronic string art :
|b rhythmic mathematics /
|c Stephen Erfle.
|
| 250 |
|
|
|a First edition.
|
| 264 |
|
1 |
|a Boca Raton, FL :
|b CRC Press,
|c 2024.
|
| 264 |
|
4 |
|c ©2024
|
| 300 |
|
|
|a 1 online resource (xv, 335 pages) :
|b illustrations (some color).
|
| 336 |
|
|
|a text
|b txt
|2 rdacontent
|
| 337 |
|
|
|a computer
|b c
|2 rdamedia
|
| 338 |
|
|
|a online resource
|b cr
|2 rdacarrier
|
| 490 |
0 |
|
|a AK Peters/CRC recreational mathematics series
|
| 504 |
|
|
|a Includes bibliographical references.
|
| 520 |
|
|
|a "String art is a well-known and popular activity that uses string, a board, and nails to produce artistic images (although there are variations that use different modalities). This activity is beloved because simple counting rules are used to create beautiful images that can both adorn walls and excite young minds. The downside of this highly tactile activity is that it is quite time-consuming and rigid. By contrast, electronic string art offers much more flexibility to set up or change nail locations and counting rules, and the images created from those changes change instantaneously. Electronic String Art: Rhythmic Mathematics invites readers to use the author's digital resources to play with the parameters inherent in string art models, while offering concise, accessible explanations of the underlying mathematical principles regarding how the images were created and how they change. Readers will have the opportunity to create visually beautiful works of art while learning concepts from geometry, number theory, and modular arithmetic from approximately 175 short-interdependent sections"--
|c Provided by publisher.
|
| 545 |
0 |
|
|a Stephen Erfle is a professor at Dickinson College. Although he was trained as a microeconomic theorist specializing in industrial organization and regulation, he has spent much of his academic life working at the borders of traditional economics. He has used his economist's toolkit to examine topics in a wide variety of fields including public health, exercise psychology, political geography, mathematics education, and communications theory in addition to economics. He has consulted for a variety of organizations including the Seagram Classics Wine Company, the Forum on Education Abroad, and the Pennsylvania Department of Health. His Seagram Classics sabbatical reoriented the direction of his teaching and research as it turned his former analytical focus (theorem and proof) into a more empirical focus (what does the data tell us). It also led him to cofound the international business and management major at Dickinson College. One of the core courses in that major, Managerial Decision Making, teaches students to analyze the kinds of decisions he was asked to answer during his time working for Seagram Classics. He has spent much of his time in the past couple of decades devoted to pedagogical issues revolving around providing geometric interpretations and explanations for a variety of topics. The books and papers in these topic areas seek to explain economic and mathematical concepts in intuitive terms, often to students with limited mathematical backgrounds. He received his BS in Mathematics and BA in Economics from University of California, Davis, and Ph.D. in Economics from Harvard University.
|
| 588 |
|
|
|a Description based on online resource; title from digital title page (viewed on March 07, 2024).
|
| 650 |
|
0 |
|a String craft
|x Technological innovations.
|
| 650 |
|
0 |
|a String craft
|x Mathematics.
|
| 650 |
|
0 |
|a Computer art.
|
| 650 |
|
6 |
|a Ficelle
|x Travaux d'amateurs
|x Innovations.
|
| 650 |
|
6 |
|a Ficelle
|x Travaux d'amateurs
|x Mathématiques.
|
| 650 |
|
7 |
|a MATHEMATICS / Recreations & Games
|2 bisacsh
|
| 650 |
|
7 |
|a ART / Digital & Video
|2 bisacsh
|
| 650 |
|
7 |
|a MATHEMATICS / Geometry / General
|2 bisacsh
|
| 650 |
|
7 |
|a Computer art.
|2 fast
|0 (OCoLC)fst00872033
|
| 655 |
|
7 |
|a Electronic books.
|2 local
|
| 710 |
2 |
|
|a Taylor & Francis
|
| 776 |
0 |
8 |
|i Print version:
|a Erfle, Steve.
|t Electronic string art
|b First edition.
|d Boca Raton : AK Peters/CRC Press, 2024
|z 9781032515175
|w (DLC) 2023046181
|
| 856 |
4 |
0 |
|u http://proxy.library.tamu.edu/login?url=https://www.taylorfrancis.com/books/9781003402633
|z Connect to the full text of this electronic book
|t 0
|
| 955 |
|
|
|a Taylor and Francis MATHnetBASE
|
| 994 |
|
|
|a 92
|b TXA
|
| 999 |
f |
f |
|s 207bcaad-8bba-4ba3-9b6f-f0f9945a476c
|i e15151dc-8546-4b77-a000-074a3c8a7ece
|t 0
|
| 952 |
f |
f |
|a Texas A&M University
|b College Station
|c Electronic Resources
|d Available Online
|t 0
|e TT880 .E74 2024
|h Library of Congress classification
|
| 998 |
f |
f |
|a TT880 .E74 2024
|t 0
|l Available Online
|